000 00599nam a22002537a 4500
001 32520
003 UA-OsUOA
005 20201201215708.0
007 ta
008 20050204b un ||||| |||| 00| 0 ukr d
040 _aUA-OsUOA
_bukr
_cUA-OsUOA
_dUA-OsUOA
041 _aukr
044 _aCA
080 _a82-94
090 _a82-94
_bС30
100 _aСеммо О.
245 _aХроніка
260 _aВінніпег
_c1987
300 _a390 с.
650 7 _2UDC
942 _cBK
_2udc
955 _a0
999 _c318965
_d318965